Characterization of bacteriophage Q - mutant for stable and efficient production of recombinant protein in Escherichia coli system /
Enregistré dans:
| Autres auteurs: | , , , |
|---|---|
| Format: | Article |
| Langue: | English |
| Sujets: | |
| Tags: |
Ajouter un tag
Pas de tags, Soyez le premier à ajouter un tag!
|
| Thư viện lưu trữ: | Thư viện Trường Đại học Đà Lạt |
|---|
| LEADER | 00986nam a2200313 4500 | ||
|---|---|---|---|
| 001 | DLU090098025 | ||
| 005 | ##20091201 | ||
| 040 | # | # | |a DLU |b eng |
| 041 | # | # | |a eng |
| 044 | # | # | |a us |
| 245 | # | # | |a Characterization of bacteriophage Q - mutant for stable and efficient production of recombinant protein in Escherichia coli system / |c Chan-Shing Lin ... [et al.]. |
| 653 | # | # | |a Bacteriophage |
| 653 | # | # | |a Escherichia coli |
| 653 | # | # | |a Q- mutant |
| 653 | # | # | |a Recombinant protein |
| 700 | # | # | |a Chen, Bor-Yann. |
| 700 | # | # | |a Lim, Henry C. |
| 700 | # | # | |a Lin, Chan-Shing. |
| 700 | # | # | |a Park, Tai Hyun. |
| 773 | # | # | |t Biotechnology and Bioengineering |g Vol. 57, no. 5 (March 1998), p. 529-535 |
| 920 | # | # | |a Phòng Tạp chí -- Trung tâm Thông tin - Thư viện Trường Đại học Đà Lạt |
| 994 | # | # | |a DLU |
| 900 | # | # | |a True |
| 911 | # | # | |a Trương Bảo Trâm Anh |
| 925 | # | # | |a G |
| 926 | # | # | |a A |
| 927 | # | # | |a BB |
| 980 | # | # | |a Thư viện Trường Đại học Đà Lạt |